<?xml version="1.0" encoding="UTF-8"?>
<record
    xmlns:xsi="http://www.w3.org/2001/XMLSchema-instance"
    xsi:schemaLocation="http://www.loc.gov/MARC21/slim http://www.loc.gov/standards/marcxml/schema/MARC21slim.xsd"
    xmlns="http://www.loc.gov/MARC21/slim">

  <leader>01962nam0a2200313   4500</leader>
  <controlfield tag="001">RU\NLR\bibl\1081045</controlfield>
  <controlfield tag="005">20250615050046.0</controlfield>
  <datafield tag="010" ind1=" " ind2=" ">
    <subfield code="a">5-246-00921-1</subfield>
  </datafield>
  <datafield tag="021" ind1=" " ind2=" ">
    <subfield code="a">RU</subfield>
    <subfield code="b">2007-20016</subfield>
    <subfield code="9">1062</subfield>
  </datafield>
  <datafield tag="035" ind1=" " ind2=" ">
    <subfield code="a">(NLR Aleph) 001068230</subfield>
  </datafield>
  <datafield tag="090" ind1=" " ind2=" ">
    <subfield code="a">982013</subfield>
    <subfield code="c">982013</subfield>
  </datafield>
  <datafield tag="100" ind1=" " ind2=" ">
    <subfield code="a">20060821d2007    |||y0rusy50      ca</subfield>
  </datafield>
  <datafield tag="101" ind1="0" ind2=" ">
    <subfield code="a">rus</subfield>
  </datafield>
  <datafield tag="102" ind1=" " ind2=" ">
    <subfield code="a">RU</subfield>
  </datafield>
  <datafield tag="105" ind1=" " ind2=" ">
    <subfield code="a">a   |||||||||</subfield>
  </datafield>
  <datafield tag="200" ind1="1" ind2=" ">
    <subfield code="a">&#x411;&#x438;&#x437;&#x43D;&#x435;&#x441;-&#x41A;&#x430;&#x440;&#x442;&#x430;-2007. [&#x41F;&#x440;&#x43E;&#x43C;&#x44B;&#x448;&#x43B;&#x435;&#x43D;&#x43D;&#x43E;&#x441;&#x442;&#x44C;. &#x41E;&#x442;&#x440;&#x430;&#x441;&#x43B;&#x44C;. &#x414;&#x435;&#x43B;&#x43E;&#x432;&#x430;&#x44F; &#x420;&#x43E;&#x441;&#x441;&#x438;&#x44F;. &#x414;&#x435;&#x43B;&#x43E;&#x432;&#x44B;&#x435; &#x441;&#x43F;&#x440;&#x430;&#x432;&#x43E;&#x447;&#x43D;&#x438;&#x43A;&#x438;]. &#x422;. 3</subfield>
    <subfield code="i">&#x41C;&#x443;&#x43A;&#x430;, &#x43A;&#x440;&#x443;&#x43F;&#x430;, &#x43A;&#x440;&#x430;&#x445;&#x43C;&#x430;&#x43B;, &#x445;&#x43B;&#x435;&#x431;, &#x445;&#x43B;&#x435;&#x431;&#x43E;&#x431;&#x443;&#x43B;&#x43E;&#x447;&#x43D;&#x44B;&#x435; &#x438;&#x437;&#x434;&#x435;&#x43B;&#x438;&#x44F;, &#x43A;&#x43E;&#x43D;&#x434;&#x438;&#x442;&#x435;&#x440;&#x441;&#x43A;&#x438;&#x435; &#x438;&#x437;&#x434;&#x435;&#x43B;&#x438;&#x44F;, &#x43F;&#x438;&#x449;&#x435;&#x43A;&#x43E;&#x43D;&#x446;&#x435;&#x43D;&#x442;&#x440;&#x430;&#x442;&#x44B;, &#x441;&#x430;&#x445;&#x430;&#x440;, &#x447;&#x430;&#x439;, &#x43A;&#x43E;&#x444;&#x435;, &#x43C;&#x430;&#x43A;&#x430;&#x440;&#x43E;&#x43D;&#x43D;&#x44B;&#x435; &#x438;&#x437;&#x434;&#x435;&#x43B;&#x438;&#x44F;, &#x43A;&#x43E;&#x440;&#x43C;&#x430;, &#x43A;&#x43E;&#x43C;&#x431;&#x438;&#x43A;&#x43E;&#x440;&#x43C;&#x430;, &#x420;&#x43E;&#x441;&#x441;&#x438;&#x44F; &#x438; &#x434;&#x440;&#x443;&#x433;&#x438;&#x435; &#x440;&#x435;&#x433;&#x438;&#x43E;&#x43D;&#x44B; &#x421;&#x41D;&#x413;</subfield>
    <subfield code="f">&#x410;&#x433;&#x435;&#x43D;&#x442;&#x441;&#x442;&#x432;&#x43E; &#x434;&#x435;&#x43B;&#x43E;&#x432;&#x43E;&#x439; &#x438;&#x43D;&#x444;&#x43E;&#x440;&#x43C;. [&#x411;&#x438;&#x437;&#x43D;&#x435;&#x441;-&#x43A;&#x430;&#x440;&#x442;&#x430;]</subfield>
  </datafield>
  <datafield tag="210" ind1=" " ind2=" ">
    <subfield code="a">&#x41C;&#x43E;&#x441;&#x43A;&#x432;&#x430;</subfield>
    <subfield code="c">&#x410;&#x433;&#x435;&#x43D;&#x442;&#x441;&#x442;&#x432;&#x43E; &#x434;&#x435;&#x43B;&#x43E;&#x432;&#x43E;&#x439; &#x438;&#x43D;&#x444;&#x43E;&#x440;&#x43C;&#x430;&#x446;&#x438;&#x438; "&#x411;&#x438;&#x437;&#x43D;&#x435;&#x441;-&#x41A;&#x430;&#x440;&#x442;&#x430;"</subfield>
    <subfield code="d">2007</subfield>
  </datafield>
  <datafield tag="215" ind1=" " ind2=" ">
    <subfield code="a">494,[1] &#x441;.</subfield>
    <subfield code="c">&#x438;&#x43B;.</subfield>
    <subfield code="d">29</subfield>
  </datafield>
  <datafield tag="300" ind1=" " ind2=" ">
    <subfield code="a">&#x417;&#x430;&#x433;&#x43B;. &#x43E;&#x431;&#x43B;.: &#x414;&#x435;&#x43B;&#x43E;&#x432;&#x430;&#x44F; &#x420;&#x43E;&#x441;&#x441;&#x438;&#x44F;</subfield>
  </datafield>
  <datafield tag="300" ind1=" " ind2=" ">
    <subfield code="a">&#x41D;&#x430; &#x43E;&#x431;&#x43B;. &#x432; &#x437;&#x430;&#x433;&#x43B;. &#x442;&#x43E;&#x43C;&#x430;: &#x41C;&#x443;&#x43A;&#x430;, &#x43A;&#x440;&#x443;&#x43F;&#x430;, &#x445;&#x43B;&#x435;&#x431;, &#x43A;&#x43E;&#x43D;&#x434;&#x438;&#x442;&#x435;&#x440;&#x441;&#x43A;&#x438;&#x435; &#x438;&#x437;&#x434;&#x435;&#x43B;&#x438;&#x44F;, &#x43C;&#x430;&#x43A;&#x430;&#x440;&#x43E;&#x43D;&#x44B;, &#x441;&#x430;&#x445;&#x430;&#x440;, &#x447;&#x430;&#x439;, &#x43A;&#x43E;&#x444;&#x435;, &#x43A;&#x43E;&#x43C;&#x431;&#x438;&#x43A;&#x43E;&#x440;&#x43C;&#x430;, &#x421;&#x41D;&#x413; &#x421;&#x41D;&#x413;</subfield>
  </datafield>
  <datafield tag="320" ind1=" " ind2=" ">
    <subfield code="a">&#x423;&#x43A;&#x430;&#x437;&#x430;&#x442;&#x435;&#x43B;&#x438;: &#x430;&#x43B;&#x444;. &#x43F;&#x43E; &#x432;&#x438;&#x434;&#x430;&#x43C; &#x43F;&#x440;&#x43E;&#x434;&#x443;&#x43A;&#x446;&#x438;&#x438; &#x438; &#x443;&#x441;&#x43B;&#x443;&#x433;, &#x430;&#x43B;&#x444;. &#x43F;&#x43E; &#x432;&#x438;&#x434;&#x430;&#x43C; &#x441;&#x44B;&#x440;&#x44C;&#x44F; &#x438; &#x43C;&#x430;&#x442;&#x435;&#x440;&#x438;&#x430;&#x43B;&#x43E;&#x432;, &#x438;&#x441;&#x43F;&#x43E;&#x43B;&#x44C;&#x437;. &#x43F;&#x440;&#x435;&#x434;&#x43F;&#x440;&#x438;&#x44F;&#x442;&#x438;&#x44F;&#x43C;&#x438;, &#x430;&#x43B;&#x444;. &#x43F;&#x440;&#x435;&#x434;&#x43F;&#x440;&#x438;&#x44F;&#x442;&#x438;&#x439; &#x43F;&#x43E; &#x43E;&#x431;&#x43B;., &#x43A;&#x440;&#x430;&#x44F;&#x43C;, &#x440;&#x435;&#x441;&#x43F;.: &#x441;. 21-84</subfield>
  </datafield>
  <datafield tag="512" ind1="1" ind2=" ">
    <subfield code="a">&#x414;&#x435;&#x43B;&#x43E;&#x432;&#x430;&#x44F; &#x420;&#x43E;&#x441;&#x441;&#x438;&#x44F;</subfield>
  </datafield>
  <datafield tag="606" ind1="1" ind2=" ">
    <subfield code="a">&#x41F;&#x438;&#x449;&#x435;&#x432;&#x430;&#x44F; &#x43F;&#x440;&#x43E;&#x43C;&#x44B;&#x448;&#x43B;&#x435;&#x43D;&#x43D;&#x43E;&#x441;&#x442;&#x44C;</subfield>
    <subfield code="j">&#x411;&#x438;&#x437;&#x43D;&#x435;&#x441;-&#x43A;&#x430;&#x440;&#x442;&#x44B;</subfield>
    <subfield code="y">&#x421;&#x442;&#x440;&#x430;&#x43D;&#x44B; &#x421;&#x41D;&#x413;</subfield>
    <subfield code="9">2188550</subfield>
    <subfield code="3">RU\NLR\auth\661315727</subfield>
  </datafield>
  <datafield tag="686" ind1=" " ind2=" ">
    <subfield code="a">&#x423;30(2)67&#x44F;2</subfield>
  </datafield>
  <datafield tag="801" ind1=" " ind2="0">
    <subfield code="a">RU</subfield>
    <subfield code="b">NLR</subfield>
    <subfield code="c">20060821</subfield>
    <subfield code="g">rcr</subfield>
  </datafield>
  <datafield tag="801" ind1=" " ind2="1">
    <subfield code="a">RU</subfield>
    <subfield code="b">NLR</subfield>
    <subfield code="c">20060821</subfield>
  </datafield>
  <datafield tag="942" ind1=" " ind2=" ">
    <subfield code="c">BOOK</subfield>
  </datafield>
  <datafield tag="980" ind1=" " ind2=" ">
    <subfield code="a">NB</subfield>
  </datafield>
  <datafield tag="995" ind1=" " ind2=" ">
    <subfield code="5">2007-05-03</subfield>
    <subfield code="a">ad</subfield>
    <subfield code="b">NLR01</subfield>
    <subfield code="c">NLR01</subfield>
    <subfield code="e">RF9</subfield>
    <subfield code="f">2425098</subfield>
    <subfield code="k">2007-8/1468</subfield>
    <subfield code="o">0</subfield>
    <subfield code="r">BOOK</subfield>
    <subfield code="s">200781468_</subfield>
  </datafield>
  <datafield tag="995" ind1=" " ind2=" ">
    <subfield code="5">2007-05-03</subfield>
    <subfield code="a">ad</subfield>
    <subfield code="b">NLR01</subfield>
    <subfield code="c">NLR01</subfield>
    <subfield code="e">RF9</subfield>
    <subfield code="f">2425099</subfield>
    <subfield code="k">2007-8/1468</subfield>
    <subfield code="o">0</subfield>
    <subfield code="r">BOOK</subfield>
    <subfield code="s">200781468_</subfield>
  </datafield>
</record>
